1675 1036 1829 1096 1275 1335 1292 1698 1319 1525 1933 1022 1811 1845 1893 1119 1387 1035 1138 1540 1391 1640 1559 1582 1408 1891 1655 1736 1706 1490 1253 1166 1764 1856 1334 1316 1269 1410 1294 1706 1098 1041 1511 1219 1359 1816 1317 1251 1185 1984 1501 1245 1255 1599 1648 1251 1902 1500 1070 1630 1427 1041 1428 1826 1399 1132 1108 1672 1033 1914 1574 1427 1457 1888 1645 1957 1963 1817 1291 1003 1450 1591 1513 1923 1533 1226 1000 1583 1580 1986 1989 1297 1941 1341 1756 1922 1480 1765 1776 BCNSPRNW ULIB Ver.6.0+V

เปลี่ยนเป็นภาษาไทย

Change to English
 แสดงรายละเอียดบรรณานุกรม
  กลับหน้าหลัก

Brief Record : Get Marc (ISO 2709) : E-mail record : QR code < ปิดหน้าต่าง
LEADER : 00000nam 2200000uu 4500
001    13399115310
003     ULIB
008    120810s2553||||th 000 0 tha d
020    9786165000703
090    นว.^bม623ห
100 0  มุกเรียง
245 00 ห้วงรักนิรมิต /^cมุกเรียง
260    กรุงเทพฯ:^cพิมพ์คำ,^c2553
300    259 หน้า
945    ^p180^l0^i032311
995    เกษร
999 ^a วิภา
รายการนี้ยังไม่มีแท็ก
คุณยังไม่ได้ล็อกอิน คุณสามารถมีกิจกรรมร่วมกับเว็บไซต์ได้ แต่ต้องล็อกอินก่อน ::
  ล็อกอิน

รายการสื่อสารสนเทศ

ลำดับที่ ประเภท เลขเรียก/บาร์โค้ด สถานที่ สถานะ
1. นวนิยาย
นวนิยาย
นว. ม623ห  
  Barcode: 032311
ห้องสมุดวิทยาเขตสวรรค์ประชารักษ์
►นวนิยาย
บนชั้น
  ขอยืม

รายการใกล้เคียง
    ผู้แต่ง [มุกเรียง]

BibComment


ยังไม่เคยถูกคอมเมนท์

คอมเมนท์ทรัพยากรรายการนี้
  คอมเมนท์: ห้วงรักนิรมิต มุ..


 Copyright 2026. Bcnsprnw @Library